00948nam a22002057a 4500001000400000003000600004005001700010008004100027040002900068082001100097100001700108245006600125260002500191300001900216490003200235505000600267520043300273521001800706521001800724325FISKH20230321132410.0230321b cb ||||| |||| 00| 0 eng d aFISKHbengcFISKHdFISKH a823.92 aBehrent, Sue aMasters of the swooniversebMusic island missionscT Shrewman aLondonbPuffinc2013 a141 p.c20 cm. aMusic Island Missionsvv. 3 aK aJoin the Super Moshis in their third Music Island Mission - an all-new series from Moshi Monsters! The Rhapsody 2's steering wheel is at the bottom of the Seventy Seas. Its last crew member is still missing. And Dr Strangeglove is lurking in the shadows. Can the Super Moshis brave the creepy Gooey Galleon, rescue Splutnik from Jollywood and unravel the mystery of the giant star . . . before Monstro City is destroyed forever?8 a600 bLexile8 aK bRaz-Plus